Русская литература XX века. Прозаики, поэты, драматурги. Т. 3: П - Я (Запись № 1347685)

Подробности
000 -МАРКЕР
контрольное поле 01010nam2a2200229 4500
001 - ИДЕНТИФИКАТОР ЗАПИСИ
контрольное поле RU\NLR\bibl\1429935
005 - ИДЕНТИФИКАТОР ВЕРСИИ
контрольное поле 20250615221358.0
010 ## - МЕЖДУНАРОДНЫЙ СТАНДАРТНЫЙ НОМЕР КНИГИ (ISBN)
Номер (ISBN) 5-94848-307-X
Уточнения Т. 3
035 ## - ДРУГИЕ СИСТЕМНЫЕ НОМЕРА
Идентификатор записи (NLR Aleph) 001421848
100 ## - ДАННЫЕ ОБЩЕЙ ОБРАБОТКИ
Данные общей обработки 20091026d2005 |||y0rusy50 ca
101 0# - ЯЗЫК РЕСУРСА
Язык текста, звукозаписи и т.д. русский
102 ## - СТРАНА ПУБЛИКАЦИИ ИЛИ ПРОИЗВОДСТВА
Страна публикации Российская Федерация
105 ## - ПОЛЕ КОДИРОВАННЫХ ДАННЫХ: ТЕКСТОВЫЕ МАТЕРИАЛЫ, МОНОГРАФИЧЕСКИЕ
Кодированные данные о монографическом текстовом документе c |||||||||
200 1# - ЗАГЛАВИЕ И СВЕДЕНИЯ ОБ ОТВЕТСТВЕННОСТИ
Основное заглавие П - Я
215 ## - ФИЗИЧЕСКАЯ ХАРАКТЕРИСТИКА
Специфическое обозначение материала и объем 829, [1] с.
Другие сведения о физической характеристике портр.
461 #0 - УРОВЕНЬ НАБОРА
Встроенное поле 001RU\NLR\bibl\1441529
-- 2001#$aРусская литература XX века. Прозаики, поэты, драматурги$vТ. 3
Системный номер (АБИС) связанной записи 1416879
Место публикации Москва
Дата публикации 2005
Первые сведения об ответственности Рос. акад. наук, Ин-т рус. лит. (Пушк. Дом) [и др.
Имя издателя, распространителя и т.д. ОЛМА-Пресс Инвест
Сведения, относящиеся к заглавию биобиблиографический словарь : в 3 т.
Заглавие Русская литература XX века. Прозаики, поэты, драматурги
ISBN 5-94848-211-1
Номер тома Т. 3
801 #0 - ИСТОЧНИК ЗАПИСИ
Страна Российская Федерация
Организация NLR
Дата составления 20091026
Правила каталогизации RCR
801 #1 - ИСТОЧНИК ЗАПИСИ
Страна Российская Федерация
Организация NLR
Дата составления 20091026
942 ## - ДОПОЛНИТЕЛЬНЫЕ ЭЛЕМЕНТЫ ЗАПИСИ (АБИС)
Тип экземпляра АБИС Книга
980 ## - КОЛЛЕКЦИЯ
Название коллекции Национальная библиография
Экземпляры
Тип экземпляра Дата поступления Источник поступления Стоимость Библиотека постоянного хранения Библиотека текущего хранения Место хранения Шифр хранения Штрих-код Статус экземпляра
Книга 26.10.2009 Покупка СТ 700.00 РНБ (Московский) РНБ (Московский) Центральная справочная библиотека С 2009-4/104 1-743037  
Книга 27.11.2009 Покупка СТ 900.00 РНБ (Московский) РНБ (Московский) Центральная справочная библиотека С 2009-4/104 1-743033  
Книга 16.02.2012 Дар 1000.00 РНБ (Московский) РНБ (Московский) Информационно-библиотечный отдел, фонд литературы, подручный   3597667  
Книга 16.02.2012 Дар 1000.00 РНБ (Садовая) РНБ (Садовая) Универсальный читальный зал У Ш5(2=Р)7/Р-892/3 1-215958